000
00206 a2200097 4500
001
45971
100
_a
Knapp A
245
_a
Race your boat right
260
_a
London
_b
Macmillan
_c
090
_c
29088
_d
29088
942
_a
NUST-CAE
_c
M
_c
21211
999
_c
281044
_d
281044